| 000 | 01110cam a2200301 a 4500 | ||
|---|---|---|---|
| 001 | 11915232 | ||
| 003 | CEME | ||
| 005 | 20210628201510.0 | ||
| 008 | 000217s2001 nyua 001 0 eng | ||
| 010 | _a 00023754 | ||
| 020 | _a0471319988 (cloth : alk. paper) | ||
| 040 |
_aDLC _cDLC _dDLC |
||
| 050 | 0 | 0 |
_aQA371 _b.B77 2000 |
| 082 | 0 | 0 |
_a515/.35 _221 |
| 100 | 1 |
_aBoyce, William E. DIPRIMA, RICHARD .C _955535 |
|
| 245 | 1 | 0 |
_aElementary differential equations _cWilliam E. Boyce, Richard C. DiPrima. |
| 250 | _a7th ed. | ||
| 260 |
_aNew York : _bWiley, _cc2001. |
||
| 300 |
_axvi, 592 p. : _bill. (some col.) ; _c26 cm. |
||
| 500 | _aIncludes index. | ||
| 650 | 0 |
_aDifferential equations. _9688 |
|
| 650 | 0 |
_aBoundary value problems. _9689 |
|
| 700 | 1 |
_aDiPrima, Richard C. _98581 |
|
| 856 | 4 | 2 |
_3Contributor biographical information _uhttp://www.loc.gov/catdir/bios/wiley045/00023754.html |
| 856 | 4 |
_3Table of Contents only _uhttp://www.loc.gov/catdir/toc/onix05/00023754.html |
|
| 856 | 4 | 2 |
_3Publisher description _uhttp://www.loc.gov/catdir/enhancements/fy0610/00023754-d.html |
| 942 |
_2ddc _cBK |
||
| 999 |
_c566374 _d566374 |
||